| 000 | 01042nam a2200265 a 4500 | ||
|---|---|---|---|
| 001 | 000043235 | ||
| 005 | 20201002040739.0 | ||
| 008 | 140226s2013 dr a r 000 0 spa d | ||
| 020 | _a9789993424888 | ||
| 040 |
_aDO-SdBNP _bspa _cBNPHU |
||
| 082 |
_a363.7396 _bH557c |
||
| 100 | 1 |
_aHernández, Ana Jesús _934589 |
|
| 245 | 1 | 0 |
_aContaminación de suelos y sus efectos en la salud de ecosistemas y salud humana : _btalleres para la investigación con estudiantes / _cAna Jesús Hernández, Ma. Jesús Gutiérrez Ginés. |
| 260 |
_aSanto Domingo : _bCentro Cultural Poveda, _c2013. |
||
| 300 |
_a136 p. : _bil. ; _c22 cm. + _eCD-ROM |
||
| 590 | _aInventariado, 2018/BT | ||
| 650 | 4 |
_aContaminación de suelos _970827 |
|
| 650 | 4 |
_aSuelos _xAspectos ambientales _940033 |
|
| 650 | 4 |
_aEcosistemas _940034 |
|
| 650 | 4 |
_aEcología humana _92035 |
|
| 650 | 4 |
_aEcología de suelos _970828 |
|
| 650 | 4 |
_aHombres _xInfluencia del medio ambiente _917982 |
|
| 700 | 1 |
_aGutiérrez Ginés, Ma. Jesús _970829 |
|
| 910 | _aValidado. Control de calidad. EMS | ||
| 999 |
_c42724 _d42724 |
||